000 00550nam a22001817a 4500
005 20160323101534.0
008 160322b xxu||||| |||| 00| 0 eng d
020 _a9781557831781
050 _aPN2297.P4S3 1994
100 _aSchechner, Richard
_923176
245 _aEnvironmental theater
_cby Schechner, Richard
250 _aNew, expanded ed.
260 _aNew York
_bApplause
_c1994
300 _ali, 339p.;
_c21cm.
650 _aPerformance group
_923177
650 _aTheater
_xPsychological aspects
_923178
942 _2lcc
_cMONOGRAPH
999 _c124431
_d124431